000 00459nam a22001937a 4500
003 bpm
005 20260421121452.0
008 260421b |||||||| |||| 00| 0 eng d
024 _aS. C. C. / M. C. y E. M.:
040 _aAR-CtUCP
041 _aspa
080 _aCDU
100 _aGonzález Leonardo Miguel
245 _aEl beso del ángel
260 _aCorrientes
_bMoglia
_c2012
650 _aLiteratura - Poesía
942 _cLIB
999 _c76685
_d76685